Non-linear rate-dependent hysteresis model for structural dampers made from ultra-high damping natural rubber (Record no. 64006)
[ view plain ]
| 000 -LEADER | |
|---|---|
| fixed length control field | 01596nam a2200277Ia 4500 |
| 100 ## - MAIN ENTRY--AUTHOR NAME | |
| Personal name | Lee K -S |
| 245 #0 - TITLE STATEMENT | |
| Title | Non-linear rate-dependent hysteresis model for structural dampers made from ultra-high damping natural rubber |
| 260 ## - PUBLICATION, DISTRIBUTION, ETC. (IMPRINT) | |
| Name of publisher | Journal of Rubber Research |
| Year of publication | 2004 |
| 300 ## - PHYSICAL DESCRIPTION | |
| Number of Pages | 79-103 |
| 520 ## - SUMMARY, ETC. | |
| Summary, etc | It is well known that rubber-like materials exhibit non-linear behaviour that depends on strain amplitude, ambient temperature, and loading frequency. Comprehensive experimental tests were performed to investigate the non-linear behaviour of a newly developed damping material for structural dampers, ultra-high damping Natural Rubber (UHDNR). The structural dampers currently used to reduce the dynamic response of buildings and similar structures are rarely made from rubber-like materials, but are sometimes made from viscoelastic materials. Compared to a typical viscoelastic material, it has been observed that the UHNDR material is less dependent on loading frequency and ambient temperature but has sufficient damping for application in structural dampers. A rate-dependence is proposed. Good agreement was observed between experimental and analytical results. |
| 650 ## - SUBJECT ADDED ENTRY--TOPICAL TERM | |
| Topical Term | Ambient temperature |
| 650 ## - SUBJECT ADDED ENTRY--TOPICAL TERM | |
| Topical Term | Amplitude |
| 650 ## - SUBJECT ADDED ENTRY--TOPICAL TERM | |
| Topical Term | Behaviour |
| 650 ## - SUBJECT ADDED ENTRY--TOPICAL TERM | |
| Topical Term | Frequency |
| 650 ## - SUBJECT ADDED ENTRY--TOPICAL TERM | |
| Topical Term | Hysteresis |
| 650 ## - SUBJECT ADDED ENTRY--TOPICAL TERM | |
| Topical Term | Loading |
| 650 ## - SUBJECT ADDED ENTRY--TOPICAL TERM | |
| Topical Term | Rate-dependent |
| 650 ## - SUBJECT ADDED ENTRY--TOPICAL TERM | |
| Topical Term | Strain |
| 650 ## - SUBJECT ADDED ENTRY--TOPICAL TERM | |
| Topical Term | Structural dampers |
| 700 ## - ADDED ENTRY--PERSONAL NAME | |
| Personal name | Ab-Malek Kamarudin |
| 700 ## - ADDED ENTRY--PERSONAL NAME | |
| Personal name | Lu L -W |
| 700 ## - ADDED ENTRY--PERSONAL NAME | |
| Personal name | Ricles J |
| 700 ## - ADDED ENTRY--PERSONAL NAME | |
| Personal name | Sause R |
| 942 ## - ADDED ENTRY ELEMENTS (KOHA) | |
| Koha item type | Journals |
| Withdrawn status | Lost status | Damaged status | Not for loan | Home library | Current library | Shelving location | Date acquired | Serial Enumeration / chronology | Koha item type |
|---|---|---|---|---|---|---|---|---|---|
| Journals | RRII Library | RRII Library | Rubber chemistry | 17/12/2021 | Volume 7, Issue 2 | Journals |